00190nam a22000857a 4500082001600000100001200016245004700028260002100075300000800096 a624.1772MEG aMegsom  aLinear analysis of their walled Electric  aIntertect c1974 a232